| 000 | 00997nam a2200205Ii 4500 | ||
|---|---|---|---|
| 003 | JO-AjNU | ||
| 008 | 230605s9999||||xx |||||||||||||| ||und|| | ||
| 017 | _a2002/51345 | ||
| 040 |
_aJO-AjNU _bara _erda _cJO-AjNU |
||
| 041 | _aara | ||
| 050 | 1 | 4 | _aDS153.4.M8752 2002 |
| 100 | 3 |
_aاعداد جامعة الزرقاء الاهليه؛ تحرير أبو عودة، عودة, _eauthor _948482 |
|
| 245 | 0 | 0 | _aالتطور الثقافي في الأردن وفلسطين في القرن العشرين: مؤتمر كلية الاداب / جامعة الزرقاء الاهلية الرابع 8-9 ايار 2002 |
| 264 | 3 | 1 | _aالزرفاء: جامعة الزرقاء الاهاية، 2002 |
| 300 | _a507ص | ||
| 336 |
_atext _btxt _2rdacontent |
||
| 337 |
_aunmediated _bn _2rdamedia |
||
| 338 |
_avolume _bnc _2rdacarrier |
||
| 650 | 4 |
_aالثقافة-الاردن-فلسطين-الثقافة المعاصرة-المجتمع الجماهيري-البيئة الثقافية - مؤتمرات _948483 |
|
| 999 |
_aA21235 _c24803 _d24803 |
||